Aalochana Trai Masika (Record no. 85946)

MARC details
000 -LEADER
fixed length control field 00416nam a2200133Ia 4500
008 - FIXED-LENGTH DATA ELEMENTS--GENERAL INFORMATION
fixed length control field 211109s9999||||xx |||||||||||||| ||und||
082 ## - DEWEY DECIMAL CLASSIFICATION NUMBER
Classification number 894.433
Item number SAC-A
100 ## - MAIN ENTRY--PERSONAL NAME
Personal name Sachdeva, S K
245 #0 - TITLE STATEMENT
Title Aalochana Trai Masika
260 ## - PUBLICATION, DISTRIBUTION, ETC.
Name of publisher, distributor, etc. Competition Success
Place of publication, distribution, etc. New Delhi
Date of publication, distribution, etc. 2004
630 ## - SUBJECT ADDED ENTRY--UNIFORM TITLE
General subdivision REFERENCE READING ROOM
650 ## - SUBJECT ADDED ENTRY--TOPICAL TERM
Topical term or geographic name entry element LITERATURE AND RHETORIC
942 ## - ADDED ENTRY ELEMENTS (KOHA)
Koha item type BOOK
650 ## - SUBJECT ADDED ENTRY--TOPICAL TERM
Form subdivision LITERATURES OF OTHER LANGUAGES
General subdivision HINDI FICTIONGeneralia
Holdings
Withdrawn status Lost status Damaged status Not for loan Home library Current library Date acquired Cost, normal purchase price Total Checkouts Full call number Barcode Shelving location Date last seen Price effective from Koha item type
        SB LIBRARY SB LIBRARY 09/11/2021 25.00   894.433 SAC-A 00070744 REFERENCE READING ROOM 09/11/2021 09/11/2021 BOOK

Powered by Koha